Statistiques concernant Capitales du monde par deux premières lettres en 60 secondes

Cliquez ici pour prendre le quiz!

Statistiques générales

  • Ce quiz a été pris 526 fois
  • Le résultat moyen est 92 sur 196

Statistiques - réponses

payscapitale% Correct
MicronésiePalikir
94%
PanamaPanama
94%
SurinameParamaribo
94%
FranceParis
94%
NauruYaren
94%
SerbieBelgrade
93%
BelizeBelmopan
93%
AllemagneBerlin
93%
SuisseBerne
93%
LibanBeyrouth
93%
OmanMascate
89%
EspagneMadrid
88%
Îles MarshallMajuro
88%
Guinée
équatoriale
Malabo
88%
MaldivesMalé
88%
NicaraguaManagua
88%
BahreïnManama
88%
PhilippinesManille
88%
MozambiqueMaputo
88%
LesothoMaseru
88%
Afrique du SudPretoria,
Le Cap ou
Bloemfontein
83%
MadagascarAntananarivo
81%
BrésilBrasilia
78%
SlovaquieBratislava
78%
CongoBrazzaville
78%
BarbadeBridgetown
78%
BelgiqueBruxelles
78%
MalteLa Valette
78%
IsraëlJérusalem
77%
RoumanieBucarest
76%
HongrieBudapest
76%
ArgentineBuenos Aires
76%
BurundiBujumbura
76%
République
dominicaine
Saint-Domingue
74%
GrenadeSaint George's
74%
Antigua-et-
Barbuda
Saint John's
74%
Saint-MarinSaint-Marin
74%
YémenSanaa
74%
Costa RicaSan José
74%
SalvadorSan Salvador
74%
ChiliSantiago
74%
Sao Tomé-et-
Principe
Sao Tomé
74%
Bosnie-
Herzégovine
Sarajevo
74%
AlbanieTirana
73%
SomalieMogadiscio
71%
MonacoMonaco
71%
LiberiaMonrovia
71%
UruguayMontevideo
71%
ComoresMoroni
71%
RussieMoscou
71%
SeychellesVictoria
69%
AutricheVienne
69%
LaosVientiane
69%
LituanieVilnius
69%
ÉgypteLe Caire
68%
BiélorussieMinsk
67%
BulgarieSofia
65%
Sri LankaColombo
64%
GabonLibreville
63%
MalawiLilongwe
63%
PérouLima
63%
PortugalLisbonne
63%
OuzbékistanTachkent
63%
TaïwanTaipei
63%
EstonieTallinn
63%
KiribatiTarawa
63%
AndorreAndorre-la-Vieille
62%
TurquieAnkara
62%
GuinéeConakry
62%
DanemarkCopenhague
62%
ItalieRome
62%
DominiqueRoseau
62%
LettonieRiga
59%
Arabie SaouditeRiyad
59%
BolivieLa Paz ou Sucre
58%
LiechtensteinVaduz
55%
PologneVarsovie
55%
VaticanVatican
55%
IrlandeDublin
54%
TogoLomé
53%
Royaume-UniLondres
53%
IrakBagdad
52%
AzerbaïdjanBakou
52%
MaliBamako
52%
BruneiBandar Seri
Begawan
52%
ThaïlandeBangkok
52%
République
centrafricaine
Bangui
52%
GambieBanjul
52%
Saint-Christophe-
et-Niévès
Basseterre
52%
CubaLa Havane
51%
IslandeReykjavik
51%
GrèceAthènes
50%
FinlandeHelsinki
50%
ChinePékin
50%
CroatieZagreb
50%
SlovénieLjubljana
49%
AustralieCanberra
46%
VenezuelaCaracas
46%
Sainte-LucieCastries
46%
AngolaLuanda
46%
ZambieLusaka
46%
LuxembourgLuxembourg
46%
MonténégroPodgorica
45%
HaïtiPort-au-Prince
45%
Trinité-et-TobagoPort-d'Espagne
45%
Île MauricePort-Louis
45%
Papouasie-
Nouvelle-
Guinée
Port Moresby
45%
BéninPorto-Novo
45%
VanuatuPort-Vila
45%
IndeNew Delhi
40%
ColombieBogotá
39%
AfghanistanKaboul
39%
OugandaKampala
39%
NépalKatmandou
39%
JaponTokyo
39%
TchèquiePrague
38%
Cabo VerdePraia
38%
KosovoPristina
38%
Corée du SudSéoul
38%
BangladeshDacca
36%
SénégalDakar
36%
SyrieDamas
36%
NorvègeOslo
36%
JordanieAmman
34%
Pays-BasAmsterdam
34%
UkraineKiev
31%
RwandaKigali
31%
JamaïqueKingston
31%
Saint-Vincent-et-
les-Grenadines
Kingstown
31%
Rép dém
du Congo
Kinshasa
31%
NigerNiamey
31%
ChypreNicosie
31%
PalaosNgerulmud
30%
HondurasTegucigalpa
30%
IranTéhéran
30%
Etats-UnisWashington
30%
MexiqueMexico
29%
TunisieTunis
28%
KirghizistanBichkek
27%
Guinée-BissauBissau
27%
SuèdeStockholm
27%
ÉquateurQuito
26%
ÉrythréeAsmara
25%
KazakhstanAstana
25%
ParaguayAsunción
25%
FidjiSuva
25%
KenyaNairobi
24%
BahamasNassau
24%
MyanmarNaypyidaw
24%
SingapourSingapour
24%
AlgérieAlger
23%
MarocRabat
22%
MoldavieChișinău
21%
IndonésieJakarta
21%
ArménieErevan
20%
Corée du NordPyongyang
20%
TanzanieDodoma
18%
QatarDoha
18%
TadjikistanDouchanbé
18%
Timor-LesteDili
16%
GuyanaGeorgetown
16%
MacédoineSkopje
16%
TongaNukuʻalofa
15%
CanadaOttawa
15%
Émirats arabes unisAbou Dabi
14%
NigeriaAbuja
14%
Viêt NamHanoï
14%
ZimbabweHarare
14%
KoweïtKoweït
14%
MauritanieNouakchott
14%
CambodgePhnom Penh
14%
LibyeTripoli
13%
BhoutanThimphou
12%
BotswanaGaborone
11%
GuatemalaGuatemala
10%
PakistanIslamabad
10%
Burkina FasoOuagadougou
10%
MongolieOulan-Bator
10%
GéorgieTbilissi
10%
Nouvelle-ZélandeWellington
8%
GhanaAccra
7%
TurkménistanAchgabat
7%
ÉthiopieAddis-Abeba
7%
SalomonHoniara
7%
MalaisieKuala Lumpur
7%
Côte d'IvoireYamoussoukro
7%
CamerounYaoundé
7%
SamoaApia
6%
Sierra LeoneFreetown
6%
DjiboutiDjibouti
5%
Soudan du SudDjouba
5%
TuvaluFunafuti
5%
NamibieWindhoek
4%
SwazilandMbabane
3%
TchadNdjamena
2%
SoudanKhartoum
1%

Distribution des résultats

Percentile par nombre de réponses

% des personnes avec chaque résultat

Votre développement - résultats

Vous n’avez pas pris ce quiz